000
00206 a2200097 4500
001
6427
100
_a
Gates,S
245
_a
Architect in the Nuclear Age, The
260
_a
_b
Iliffe
_c
090
_c
5287
_d
5287
942
_a
NUST-CAE
_c
M
_c
31697
999
_c
241500
_d
241500